Group analysis of differential equations

Saved in:
Bibliografiske detaljer
Hovedforfatter: Ovsiannikov, Lev Vasilevich (Author)
Format: Bog
Sprog:engelsk
Udgivet: Nueva York Academic Press 1982
Fag:
Tags: Tilføj Tag
Ingen Tags, Vær først til at tagge denne postø!

MARC

LEADER 00000nam a2200000 a 4500
001 UCL7205
003 CL-VaPUC
008 040507e19820000US |||||||||||||||||eng|d
020 |a 0125316801 
082 0 4 |a 515.35  |b OVS  |2 21 
100 0 |a Ovsiannikov, Lev Vasilevich  |e author  |9 485031 
245 1 0 |a Group analysis of differential equations 
300 |a 416 p 
942 |c BK 
945 |d 20040507 00:00:00  |a cmena 
260 |a Nueva York  |b Academic Press  |c 1982 
650 7 |a TRANSFORMACIONES DE GRUPOS  |2 CL-VaPUC  |9 427224 
650 0 |a Ecuaciones diferenciales  |9 260083 
650 0 |a Álgebra de Lie  |9 271226 
650 0 |a Grupos de Lie   |9 271231 
583 |a last modification  |c 20040507 00:00:00  |k Rodrigo Vera 
999 |c 309055  |d 309053 
952 |0 0  |1 0  |4 0  |6 515_350000000000000_OVS_1982  |7 0  |8 A  |9 376152  |a BIBCUR  |b BIBCUR  |d 2019-11-21  |i 2111276  |o 515.35 OVS 1982  |p 2111276  |r 2025-04-22  |w 2019-11-21  |y BK  |k FIS